Interior design (Record no. 200001210)
[ view plain ]
| 000 -LEADER | |
|---|---|
| fixed length control field | 00744 a2200277 4500 |
| 001 - CONTROL NUMBER | |
| control field | 200001210 |
| 003 - CONTROL NUMBER IDENTIFIER | |
| control field | TR-AnTOB |
| 005 - DATE AND TIME OF LATEST TRANSACTION | |
| control field | 20200617103704.0 |
| 008 - FIXED-LENGTH DATA ELEMENTS--GENERAL INFORMATION | |
| fixed length control field | 160507d19509999xxumn0p 0 0 |
| 022 ## - INTERNATIONAL STANDARD SERIAL NUMBER | |
| International Standard Serial Number | 0020-5508 |
| 040 ## - CATALOGING SOURCE | |
| Original cataloging agency | TR-AnTOB |
| 041 ## - LANGUAGE CODE | |
| Language code of text/sound track or separate title | İngilizce |
| 050 #4 - LIBRARY OF CONGRESS CALL NUMBER | |
| Classification number | NK1700 |
| 099 ## - LOCAL FREE-TEXT CALL NUMBER (OCLC) | |
| Classification number | JOURNAL - INTE DE |
| 222 #0 - KEY TITLE | |
| Key title | Interior design |
| 245 00 - TITLE STATEMENT | |
| Title | Interior design |
| 260 ## - PUBLICATION, DISTRIBUTION, ETC. | |
| Place of publication, distribution, etc. | [New York] : |
| Name of publisher, distributor, etc. | Interior Design Division of Whitney Communications Corp., |
| Date of publication, distribution, etc. | 1950- |
| 300 ## - PHYSICAL DESCRIPTION | |
| Extent | v.: |
| Other physical details | ill. (some col.) ; |
| Dimensions | 28 cm. |
| 310 ## - CURRENT PUBLICATION FREQUENCY | |
| Current publication frequency | Monthly |
| 362 ## - DATES OF PUBLICATION AND/OR SEQUENTIAL DESIGNATION | |
| Dates of publication and/or sequential designation | 1950- |
| 500 ## - GENERAL NOTE | |
| General note | Kütüphanemizdeki mevcutlar: 2007- |
| General note | Fifteen issues to each volume. |
| 650 #0 - SUBJECT ADDED ENTRY--TOPICAL TERM | |
| Topical term or geographic name entry element | Interior decoration |
| Form subdivision | Periodicals |
| 9 (RLIN) | 69455 |
| 942 ## - ADDED ENTRY ELEMENTS (KOHA) | |
| Koha item type | Continuing Resource |
| Withdrawn status | Lost status | Not for loan | Collection code | Home library | Current library | Shelving location | Date acquired | Source of acquisition | Serial Enumeration / chronology | Total Checkouts | Total Holds | Full call number | Barcode | Copy number | Date shelved | Koha item type |
|---|---|---|---|---|---|---|---|---|---|---|---|---|---|---|---|---|
| Ödünç Verilebilir / Available | Süreli Yayınlar | Merkez Kütüphane | Merkez Kütüphane | Süreli Yayınlar Koleksiyonu / Periodicals Collection | 25/11/2010 | Satın Alma / Purchase | 81 | JOURNAL - INTE DE | 9780254 | 1 | 25/11/2010 | Continuing Resource | ||||
| Ödünç Verilebilir / Available | Süreli Yayınlar | Merkez Kütüphane | Merkez Kütüphane | Süreli Yayınlar Koleksiyonu / Periodicals Collection | 25/11/2010 | Satın Alma / Purchase | 81 | JOURNAL - INTE DE | 9780255 | 1 | 25/11/2010 | Continuing Resource | ||||
| Ödünç Verilebilir / Available | Süreli Yayınlar | Merkez Kütüphane | Merkez Kütüphane | Süreli Yayınlar Koleksiyonu / Periodicals Collection | 23/12/2010 | Satın Alma / Purchase | 81 | JOURNAL - INTE DE | 9780337 | 1 | 23/12/2010 | Continuing Resource |
